000 00473pab a2200169 454500
008 180718b2011 xxu||||| |||| 00| 0 eng d
100 _aCarletto, Calogero
245 _aMoving up the ladder? The impact of migration experience on occupational mobility in Albania
260 _c2011
300 _ap.846-869.
362 _aJun
650 _aOccupational mobility
700 _aKilic, Talip
773 _aJournal of Development Studies
908 _aN
909 _a92382
999 _c92382
_d92382